| Tag |
First Indicator |
Second Indicator |
Subfields |
| LEADER |
00000cam a2200000 a 4500 |
| 001 |
in00000093003 |
| 005 |
20150923173459.0 |
| 008 |
790416s1980 nyua b 00110 engm |
| 010 |
|
|
|a 79012934
|
| 020 |
|
|
|a 0824071301 :
|c $19.95
|
| 035 |
|
|
|a (OCoLC)04933777
|
| 035 |
|
|
|9 AAK8024AM
|
| 040 |
|
|
|a DLC
|c DLC
|d m.c.
|d OCL
|d TXA
|d UtOrBLW
|
| 043 |
|
|
|a a-pp---
|
| 049 |
|
|
|a TXAM
|c [985971]
|
| 050 |
0 |
0 |
|a GN671 N5
|b E38
|
| 082 |
0 |
|
|a 301.2/1
|
| 100 |
1 |
|
|a Ekman, Paul.
|
| 245 |
1 |
4 |
|a The face of man :
|b expressions of universal emotions in a New Guinea village /
|c Paul Ekman ; foreword by Richard S. Lazarus.
|
| 264 |
|
1 |
|a New York :
|b Garland STPM Press,
|c [1980]
|
| 264 |
|
4 |
|c ©1980
|
| 300 |
|
|
|a ix, 143 pages :
|b illustrations ;
|c 26 cm.
|
| 336 |
|
|
|a text
|b txt
|2 rdacontent
|
| 337 |
|
|
|a unmediated
|b n
|2 rdamedia
|
| 338 |
|
|
|a volume
|b nc
|2 rdacarrier
|
| 504 |
|
|
|a Bibliography: pages 141-143.
|
| 650 |
|
0 |
|a Ethnology
|z Papua New Guinea
|x Pictorial works.
|
| 650 |
|
0 |
|a Facial expression
|x Pictorial works.
|
| 999 |
|
|
|a MARS
|
| 999 |
f |
f |
|s 35713de0-db72-3ba0-b512-10c69df173fc
|i 56233a1d-7c19-372f-b717-b30233c828d8
|t 0
|
| 952 |
f |
f |
|p ric
|a Texas A&M University
|b Rellis Campus
|c Joint Library Facility
|d Remote Storage
|t 0
|e GN671 N5 E38
|h Library of Congress classification
|i unmediated -- volume
|m A14806026946
|
| 998 |
f |
f |
|a GN671 N5 E38
|t 0
|l Remote Storage
|